000 00287nam a2200121Ia 4500
008 190216s9999||||xx |||||||||||||| ||und||
100 _aAtkins P W
245 0 _aPhysical Chemistry
260 _bEnglish Language Book Society
_c1982
300 _a1095p
650 _aChemistry
942 _cBK
999 _c2671
_d2671